Deaflympic Host Countries - Statistics

General Stats
  • This quiz has been taken 21 times
  • The average score is 22 of 26
Answer Stats
# Country % Correct
1 Australia
100%
1 Brazil
100%
1 Canada
100%
4 Italy
100%
1 Russia
100%
4 United States
100%
3 West Germany
100%
1 Austria
94%
2 Denmark
94%
2 Finland
94%
2 France
94%
1 Great Britain
94%
2 Norway
94%
4 Sweden
94%
3 Switzerland
94%
2 Turkey
94%
1 Belgium
89%
1 Netherlands
89%
1 New Zealand
89%
1 Romania
89%
1 Japan
83%
2 Bulgaria
50%
1 Slovakia
50%
1 Chinese Taipei
44%
1 Yugoslavia
39%
1 Weimar Republic
6%
No matching quizzes found
Score Distribution
Percent of People with Each Score
Percentile by Number Answered
Your Score History
You have not taken this quiz